Calcutta - Sleep Token lyric quiz - Statistics

General Stats
  • This quiz has been taken 7 times
  • The average score is 105 of 153
Answer Stats
Main vocals % Correct
a
100%
are
100%
(I)
100%
I
100%
the
100%
you
100%
You
100%
"You
100%
(for)
83%
For
83%
for
83%
me
83%
more
83%
More
83%
than
83%
Your
83%
your
83%
(ache)
67%
ache
67%
again
67%
am
67%
(and)
67%
and
67%
And
67%
be
67%
breathe
67%
find
67%
I'm
67%
just
67%
Missing
67%
moment
67%
name
67%
pieces
67%
She
67%
there,"
67%
way
67%
whole
67%
Whole
67%
belief,
50%
believe
50%
better
50%
broken
50%
caught,
50%
comes
50%
don't
50%
even
50%
eyes
50%
in,
50%
it,"
50%
know"
50%
lived
50%
Melting
50%
morning
50%
over
50%
quartered,
50%
said
50%
saying
50%
silence
50%
skywards
50%
(sweat)
50%
sweat
50%
tangled
50%
'Till
50%
Time,
50%
Time
50%
Tripping
50%
wake,
50%
warm
50%
wrapped
50%
"You'd
50%
up
33%
No matching quizzes found
Score Distribution
Percent of People with Each Score
Percentile by Number Answered
Your Score History
You have not taken this quiz